| 000 | 00814cab a2200253 4500 | ||
|---|---|---|---|
| 001 | ABS57080 | ||
| 008 | 090401t1997 xxu||||| |||| 00| 0 eng d | ||
| 035 | _a(Sirsi) u79102 | ||
| 041 | _aeng | ||
| 100 | _aCoates, D. | ||
| 245 | _aAgricultural building design quality : the Changing Scene, PPG7 and guidelines | ||
| 260 | _c1997 | ||
| 350 | _a0 | ||
| 490 |
_aRural Design and Building Journal _vSpring/Summer 1997, 22-25(4) |
||
| 520 | _aExamines how the quality of design in agricultural buildings had improved with the introduction of PPG7 and BS 5502. | ||
| 650 | _aBS 5502 | ||
| 650 | _aBUILT ENVIRONMENT-CONSTRUCTION DESIGN | ||
| 650 | _aDESIGN QUALITY | ||
| 650 | _aFARM BUILDINGS | ||
| 650 | _aPPG7 | ||
| 690 | _aBUILT ENVIRONMENT-CONSTRUCTION DESIGN | ||
| 942 | _n0 | ||
| 948 | _c20/06/1997 | ||
| 999 |
_c49715 _d49715 |
||